000 01101cam a22003257a 4500
003 CHAP
005 20220817042215.0
008 971013s1968 r 00010 d
010 _a37645
011 _a38617
035 _a42737
040 _cCHAP
082 _a338.175
_bF3
110 _aFAO
245 1 3 _aLa horticultura en la región mediterránea
_b: perspectivas de la producción y el comercio
260 _aRoma :
_bFAO,
_c1968
300 _a218 p.
490 0 _aFAO. Serie sobre productos
_v; 42
590 _aBATCH-UPD
_b10
_c20130110
_lUCH01
_h2136
590 _aBATCH-UPD
_b10
_c20130410
_lUCH01
_h1445
590 _aBATCH-UPD
_b10
_c20130914
_lUCH01
_h1449
590 _aCONVERSION
_b10
_c20130109
_lUCH01
_h1321
650 1 4 _aFruta
_xMercadeo
_xRegión Mediterránea.
_943642
650 1 4 _aHorticultura
_xAspectos económicos
_xRegión mediterránea.
_956304
830 0 _aFAO. Serie sobre productos
_v; 42
_939695
901 _aBK
942 _cLIBRO
949 _a338.175 F3
_bBC
_cFAO
_d-98259
_eFAO1
_h12823
_i42737
_mD
_si
949 _a338.175 F3
_bBC
_cFAO
_d-98260
_eFAO2
_fc.2
_h12864
_i42737
_si
999 _c37645
_d37645